000 00675nam a2200229 i 4500
001 47462
003 ES-MaACL
005 20230906161552.0
007 t|
008 030428s2001 sp ||||0| spa j
020 _a84-8088-646-3
040 _aM-BN
_bspa
_cM-BN
080 _a658.310.83
100 1 _aOlleros Izard, Manuel.
_986931
245 1 3 _aEl proceso de captación y selección de personal /
_cManuel Olleros Izard.
250 _a2ª ed.
260 _aBarcelona :
_bGestión 2000,
_c[2001]
300 _a204 p. :
_bil. ;
_c23 cm.
504 _aBibliografía: p. 201-204.
650 1 4 _aSelección de personal.
_917029
852 _aES-MaACL
_jL-26263
_bR.131710
999 _c47462
_d47462